Zahraničná politika Francúzska v kontexte Spoločnej zahraničnej a bezpečnostnej politiky EÚ diplomová práca

Enregistré dans:
Détails bibliographiques
Auteur principal: Maceášová, Dominika
Collectivité auteur: Fakulta medzinárodných vzťahov EU. Katedra medzinárodných ekonomických vzťahov a hospodárskej diplomacie
Autres auteurs: Kucharčík, Rudolf, 1977-
Format: Livre
Langue:slovaque
Publié: Bratislava 2018
Tags: Ajouter un tag
Pas de tags, Soyez le premier à ajouter un tag!

MARC

LEADER 00000nbm a2200000 4500
001 0247276
005 20180924082727.4
041 0 |a slo 
044 |a SK 
245 1 0 |a Zahraničná politika Francúzska v kontexte Spoločnej zahraničnej a bezpečnostnej politiky EÚ  |b diplomová práca  |c Dominika Maceášová ; školiteľ: Rudolf Kucharčík 
264 1 |a Bratislava  |c 2018 
300 |a 76 s. 
100 1 |a Maceášová, Dominika 
700 1 |a Kucharčík, Rudolf, 1977- 
710 2 |a Fakulta medzinárodných vzťahov EU. Katedra medzinárodných ekonomických vzťahov a hospodárskej diplomacie